| 000 | 00552nam a2200145 a 4500 | ||
|---|---|---|---|
| 001 | 000034208 | ||
| 005 | 20200930070852.0 | ||
| 008 | 110928s1935 sp 000 0 spa d | ||
| 040 |
_aDO-SdBNP _bspa _cBNPHU |
||
| 100 | 1 |
_aGómez, Manuel Ubaldo _954707 |
|
| 245 | 1 | 0 |
_aRepertorio alfabético de la jurisprudencia dominicana : _bsentencias de la Suprema Corte de Justicia (1908-1933) / _cMl. Ub. Gómez, hijo. |
| 260 |
_aMallorca, : _bTalleres gráficos de Fernando Soler Queralt, _c1935. |
||
| 300 |
_av. 1 ; _c20 cm. |
||
| 500 | _aLa Biblioteca posee el v. 1 | ||
| 999 |
_c33699 _d33699 |
||